Židé na Kutnohorsku : osídlení na kutnohorském venkově /

Main Author: Rozkošná, Blanka, 1968-
Other Authors: Lauermann, Marek, 1973-
Language: Czech
Published: [Kutná Hora] : Klub rodáků a přátel Kutné Hory - Kutná Hora v Praze, 2008
Subjects:
Online Access: Digitalizovaný dokument
Physical Description: 83 s. : il., faksim. ; 21 cm
Book
Saved in:
LEADER 02205nam a2200529 a 4500
001 nkc20092026387
003 CZ PrNK
005 20250728082207.0
007 ta
008 091217s2008 xr ah e 000 0 cze
015 |a cnb002026387 
020 |a 978-80-905230-0-5  |q (v knize neuvedeno ;  |q brož.) 
035 |a (OCoLC)796016026 
040 |a BOA001  |b cze  |d ABA001 
043 |a e-xr---  |b e-xr-st  |2 czenas 
045 |a u-x- 
072 7 |a 94(437)  |x Dějiny Česka a Slovenska  |2 Konspekt  |9 8 
080 |a (=411.16)  |2 MRF 
080 |a 94(=411.16)  |2 MRF 
080 |a 323.1  |2 MRF 
080 |a 94(437.312)  |2 MRF 
080 |a (048.8)  |2 MRF 
100 1 |a Rozkošná, Blanka,  |d 1968-  |7 jn20001227307  |4 aut 
245 1 0 |a Židé na Kutnohorsku :  |b osídlení na kutnohorském venkově /  |c Blanka Rozkošná, Marek Lauermann 
260 |a [Kutná Hora] :  |b Klub rodáků a přátel Kutné Hory - Kutná Hora v Praze,  |c 2008 
300 |a 83 s. :  |b il., faksim. ;  |c 21 cm 
500 |a Terminologický slovník 
504 |a Obsahuje bibliografii 
648 7 |a 17.-20. století  |7 ch757026  |2 czenas 
650 0 7 |a Židé  |7 ph127782  |z Česko  |y 17.-20. století  |2 czenas 
650 0 7 |a dějiny Židů  |7 ph489410  |z Česko  |2 czenas 
650 0 9 |a Jews  |z Czechia  |y 17th-20th centuries  |2 eczenas 
650 0 9 |a history of the Jews  |z Czechia  |2 eczenas 
651 7 |a Kutná Hora (Česko : oblast)  |7 ge129718  |x etnické vztahy  |2 czenas 
651 7 |a Kutná Hora (Česko : oblast)  |7 ge129718  |x dějiny  |2 czenas 
651 9 |a Kutná Hora Region (Czechia)  |x ethnic relations  |2 eczenas 
651 9 |a Kutná Hora Region (Czechia)  |x history  |2 eczenas 
655 7 |a přehledy  |7 fd133202  |2 czenas 
655 9 |a surveys  |2 eczenas 
700 1 |a Lauermann, Marek,  |d 1973-  |7 jn20000401608  |4 aut 
856 4 1 |u http://www.digitalniknihovna.cz/mzk/uuid/uuid:460b2ec0-33a3-11e2-824c-005056827e51  |y Digitalizovaný dokument  |x NDK 
910 |a BOA001  |b 2-1235.243  |b KPB-0000.378 
990 |a BK 
995 |a 01 
991 |b 201002  |c NOV 
996 6 |b 2610405125  |c 2-1235.243  |l MZK  |r Sklad / do 1 hodiny  |n 0  |p p.v.  |w 001103759  |u 000010  |a 1  |e BOA001  |j MZK50  |s P 
996 7 |b 2610701518  |c 2-1235.243  |l MZK  |r Sklad / do 1 hodiny  |n 0  |p dar  |w 001103759  |u 000020  |a 1  |e BOA001  |j MZK50  |s A